00189nam a22000857a 4500082001600000100001900016245003400035260002500069300000900094 a954.01EAS'G aEASTWICK, E. B aA GLANCE AT SINDBEFORE NAPIER aLONDONbOXFORDc1973 a377P